02455cam a22003018i 45000010009000000050017000090080041000260100017000670200018000840200018001020200018001200200026001380400023001640420008001870500022001951000027002172450081002442500021003252640035003465000087003815040051004685050776005195200716012956500015020116500025020267000028020518560074020792207347420260112160230.0210609s2022 nju b 001 0 eng  a 2021027514 a9781292334691 a9781292334738 a9781292334721 z9781292334721q(epub) aDLCbengerdacDLC apcc00aHF5636b.A87 2022 aAtrill, Petereauthor.10aAccounting and finance for non-specialists c/ Peter Atrill, Edward McLaney. aTwelfth edition. 1aHoboken, NJ :bPearson,c2022. aRevised edition of the authors' Accounting and finance for non-specialists, [2019] aIncludes bibliographical references and index. aIntroduction to Accounting and Finance — Part One: Financial Accounting — Measuring and Reporting Financial Position — Measuring and Reporting Financial Performance — Accounting for Limited Companies — Measuring and Reporting Cash Flows — Analysing and Interpreting Financial Statements — Part Two: Management Accounting — The Relevance and Behaviour of Costs — Full Costing — Budgeting — Part Three: Finance — Making Capital Investment Decisions — Financing a Business — Managing Working Capital — Appendix A: Glossary of Key Terms — Appendix B: Solutions to Self-Assessment Questions — Appendix C: Solutions to Critical Review Questions — Appendix D: Solutions to Selected Exercises — Appendix E: Present Value Table — Index. a"This book provides an introduction to accounting and finance. It is aimed at Students who are not majoring in accounting or finance but who are, nevertheless, studying introductory level accounting and finance as part of their course. The course may be in business, economics, hospitality management, tourism, engineering or some other area. For these students, the book provides an overview of the role and usefulness of accounting and finance within a business or some other organisation. Students, who are majoring in either accounting or finance. These students should find the book a helpful introduction to the main principles, which can serve as a foundation for further study"--cProvided by publisher. 0aAccounting 0aFinancial statements aMcLaney, E. J.eauthor. uhttps://bookshelf.vitalsource.com/reader/books/9781292334721/ye-book